[Event "2nd IMSA Basque 2017"]
[Site "Huai'an CHN"]
[Date "2017.12.14"]
[Round "3.2"]
[White "Grischuk, Alexander"]
[Black "Harikrishna, Pentala"]
[Result "1/2-1/2"]
[WhiteTitle "GM"]
[BlackTitle "GM"]
[WhiteElo "2772"]
[BlackElo "2744"]
[WhiteFideId "4126025"]
[BlackFideId "5007003"]
[EventDate "2017.12.14"]

1. e4 c5 2. Nf3 e6 3. Nc3 Nc6 4. Bb5 Nd4 5. O-O a6 6. Bd3 Nc6 7. b3 Nge7 8. Bb2
Ng6 9. Re1 Be7 10. Nd5 exd5 11. exd5 O-O 12. dxc6 dxc6 13. Bxg6 hxg6 14. a4 a5
15. d3 Bf6 16. Bxf6 Qxf6 17. Qd2 b6 18. Ne5 Qd6 19. Qf4 Bf5 20. Qf3 Rac8 21. Nc4
Qc7 22. Qg3 Qxg3 23. hxg3 Rb8 24. Re7 Be6 25. Ne5 Rfc8 26. Re1 g5 27. Ra7 b5 28.
Rxa5 c4 29. dxc4 bxc4 30. bxc4 Rb2 31. Rc5 Rxc2 32. a5 Ra2 33. Rc1 Kf8 34. Rxc6
Rxa5 35. Rxc8+ Bxc8 36. Nf3 Rc5 37. Nd2 Be6 38. f3 g4 39. Kf2 gxf3 40. gxf3 Ke7
41. g4 f5 42. gxf5 Rxf5 43. Ke3 Ra5 44. Ne4 g5 45. Kd4 Rf5 46. Re1 Rf4 47. Ke3
Bxc4 48. Nxg5 Rh4 49. Ra1 Bd5 50. Ra6 Bxf3 51. Kxf3 Rh1 52. Kf4 Rf1+ 53. Ke5
Re1+ 54. Ne4 Ke8 55. Kd5 Kf8 56. Ra7 Rd1+ 57. Ke6 Re1 58. Kf5 Rf1+ 59. Kg6 Rg1+
60. Ng5 Ke8 61. Kf6 Rf1+ 62. Ke5 Re1+ 63. Ne4 Kf8 64. Rh7 Ke8 65. Kd5 Kd8 66.
Nf6 Rd1+ 67. Ke6 Re1+ 68. Kd6 Rd1+ 69. Nd5 Ke8 70. Re7+ Kf8 71. Re4 Kf7 72. Rf4+
Kg6 73. Rf3 Ra1 74. Ke6 Ra6+ 75. Ke5 Ra5 76. Rg3+ Kh5 77. Rg1 Kh4 78. Kf4 Ra4+
79. Kf3 Ra3+ 80. Ne3 Kh5 81. Ke4 1/2-1/2

[Event "2nd IMSA Basque 2017"]
[Site "Huai'an CHN"]
[Date "2017.12.14"]
[Round "3.1"]
[White "Ding, Liren"]
[Black "Wang, Hao"]
[Result "1/2-1/2"]
[WhiteTitle "GM"]
[BlackTitle "GM"]
[WhiteElo "2777"]
[BlackElo "2709"]
[WhiteFideId "8603677"]
[BlackFideId "8602883"]
[EventDate "2017.12.14"]

1. Nf3 d5 2. g3 g6 3. Bg2 Bg7 4. d4 Nf6 5. O-O O-O 6. c4 c6 7. Qa4 Nfd7 8. cxd5
Nb6 9. Qd1 cxd5 10. Nc3 Nc6 11. e3 Bg4 12. h3 Bxf3 13. Qxf3 e6 14. b3 Re8 15.
Bb2 Rc8 16. Rfc1 a6 17. Qd1 Qd6 18. Ne2 Nd7 19. Nf4 Ne7 20. Nd3 Rxc1 21. Rxc1
Rc8 22. Rxc8+ Nxc8 23. Qc1 Qb8 24. a4 Ne7 25. Bf1 Nf5 26. Ba3 h5 27. Bg2 Bf8 28.
Bxf8 Kxf8 29. a5 Nd6 30. b4 Qd8 31. h4 Nf6 32. Ne5 Nd7 33. Nd3 Nf6 34. Ne5 Nd7
35. Nd3 Nf6 1/2-1/2

[Event "2nd IMSA Basque 2017"]
[Site "Huai'an CHN"]
[Date "2017.12.14"]
[Round "3.2"]
[White "Wang, Hao"]
[Black "Ding, Liren"]
[Result "0-1"]
[WhiteTitle "GM"]
[BlackTitle "GM"]
[WhiteElo "2709"]
[BlackElo "2777"]
[WhiteFideId "8602883"]
[BlackFideId "8603677"]
[EventDate "2017.12.14"]

1. d4 Nf6 2. c4 e6 3. Nf3 d5 4. Nc3 c6 5. e3 Nbd7 6. Bd3 dxc4 7. Bxc4 b5 8. Bd3
Bb7 9. O-O a6 10. e4 c5 11. d5 Qc7 12. dxe6 fxe6 13. Ng5 Qc6 14. Be2 Rd8 15. a4
b4 16. Nb1 Ne5 17. Nd2 h6 18. f4 hxg5 19. fxe5 Qc7 20. Qb3 Qxe5 21. Nf3 Qxe4 22.
Bc4 Bd5 23. Bxd5 Qxd5 24. Qc2 Qd3 25. Qxd3 Rxd3 26. Bxg5 c4 27. Rae1 Bc5+ 28.
Kh1 Ng4 29. h3 Nf2+ 30. Kh2 Bd6+ 31. Kg1 Rxf3 32. Rxf2 Bh2+ 33. Kf1 Rxf2+ 34.
Kxf2 Rf8+ 35. Ke2 Bg3 36. Rc1 Rf2+ 37. Ke3 Rxb2 38. Rxc4 b3 39. Rc6 Rxg2 40. Bf4
b2 41. Rc8+ Kf7 42. Rb8 Bxf4+ 43. Kxf4 a5 44. h4 Kf6 45. Rb6 g6 46. Ke4 0-1

[Event "2nd IMSA Basque 2017"]
[Site "Huai'an CHN"]
[Date "2017.12.14"]
[Round "3.1"]
[White "Korobov, Anton"]
[Black "Ivanchuk, Vassily"]
[Result "1-0"]
[WhiteTitle "GM"]
[BlackTitle "GM"]
[WhiteElo "2652"]
[BlackElo "2726"]
[WhiteFideId "14105730"]
[BlackFideId "14100010"]
[EventDate "2017.12.14"]

1. d4 Nf6 2. Nf3 g6 3. c4 Bg7 4. Nc3 d5 5. cxd5 Nxd5 6. e4 Nxc3 7. bxc3 c5 8.
Be3 Qa5 9. Qd2 Nc6 10. Rc1 cxd4 11. cxd4 Qxd2+ 12. Kxd2 O-O 13. Bb5 f5 14. exf5
Bxf5 15. Ke2 Rad8 16. Bxc6 bxc6 17. Rxc6 Be4 18. Re6 Bxf3+ 19. gxf3 Bf6 20. Rc1
Rd7 21. Rc4 Rb8 22. a4 Kf7 23. Rec6 Rb2+ 24. Kd3 Ra2 25. Ke4 Bh4 26. Rc8 Bxf2
27. Bh6 Re2+ 28. Kd3 Re1 29. Rf8+ Ke6 30. Bd2 Rh1 31. Ke4 Rxh2 32. Bb4 Rb7 33.
d5+ Kd7 34. d6 exd6 35. Rf6 Ke7 36. Rf4 Rh5 37. Kd3 Re5 38. Bc3 Re6 39. Rc8 h5
40. Rcf8 Re3+ 41. Kc2 Ke6 42. R8f6+ Kd5 43. Rd4+ Kc5 44. Rdxd6 Re2+ 45. Kd1 1-0

[Event "2nd IMSA Basque 2017"]
[Site "Huai'an CHN"]
[Date "2017.12.14"]
[Round "3.2"]
[White "Ivanchuk, Vassily"]
[Black "Korobov, Anton"]
[Result "1/2-1/2"]
[WhiteTitle "GM"]
[BlackTitle "GM"]
[WhiteElo "2726"]
[BlackElo "2652"]
[WhiteFideId "14100010"]
[BlackFideId "14105730"]
[EventDate "2017.12.14"]

1. e4 c5 2. Nf3 d6 3. d4 cxd4 4. Nxd4 Nf6 5. f3 e5 6. Nb3 Be7 7. c4 a5 8. Be3 a4
9. N3d2 O-O 10. Nc3 Qa5 11. Bd3 Bd8 12. Qe2 Bb6 13. O-O Nc6 14. Kh1 Be6 15. Nd5
Bxd5 16. cxd5 Bxe3 17. Nc4 Qa7 18. dxc6 Bc5 19. cxb7 Qxb7 20. Rab1 h5 21. f4 Qe7
22. b4 axb3 23. axb3 Rab8 24. g3 Rfe8 25. fxe5 dxe5 26. Bc2 Qe6 27. Rf5 Bd4 28.
Rbf1 Ra8 29. Bd3 Ra1 30. Rxa1 Bxa1 31. Nd2 Rd8 32. Bc4 Qd6 33. Nf1 Qc6 34. Qf3
Rd6 35. Ne3 g6 36. Nd5 Kg7 37. Rxf6 Rxf6 38. Nxf6 Qxf6 39. Qxf6+ Kxf6 40. b4 Bd4
41. Kg2 Ke7 42. h3 f5 43. Kf3 Kf6 44. Bd3 Bb6 45. b5 Bd4 46. Bc2 Bb6 1/2-1/2

[Event "2nd IMSA Basque 2017"]
[Site "Huai'an CHN"]
[Date "2017.12.14"]
[Round "3.1"]
[White "Le, Quang Liem"]
[Black "Mamedov, Rauf"]
[Result "0-1"]
[WhiteTitle "GM"]
[BlackTitle "GM"]
[WhiteElo "2737"]
[BlackElo "2709"]
[WhiteFideId "12401137"]
[BlackFideId "13401653"]
[EventDate "2017.12.14"]

1. d4 d5 2. c4 c6 3. Nc3 Nf6 4. e3 Bf5 5. Nf3 e6 6. Nh4 Be4 7. f3 Bg6 8. Qb3 Qc7
9. Bd2 Be7 10. g3 Nbd7 11. cxd5 exd5 12. O-O-O a5 13. Nxg6 hxg6 14. Qc2 a4 15.
e4 a3 16. e5 axb2+ 17. Kb1 Ng8 18. Nxd5 Qd8 19. Ne3 Nb6 20. Bc4 Nh6 21. Bb3 Qxd4
22. e6 f5 23. Ng2 Qf2 24. Nf4 Ng8 25. Nxg6 Rxh2 26. Rxh2 Qxh2 27. Qxf5 O-O-O 28.
Qf7 Qe2 29. Nf4 Qxf3 30. Ng6 Qe2 31. Nf4 Qf3 32. Ng6 Qe2 33. Nf4 Qg4 34. Qg6 Qf3
35. Qc2 Qxg3 36. Ng6 Qg2 37. a4 Nd5 38. Ba5 Qxc2+ 39. Bxc2 Bf6 40. Rh1 b6 41.
Bd2 Nge7 42. Nxe7+ Nxe7 43. Be3 Nd5 44. Bd2 Kc7 45. a5 Ra8 46. Be4 bxa5 47. Bxd5
cxd5 48. Bf4+ Kc6 49. Rh2 a4 50. Rc2+ Kb5 51. Bd6 Rh8 52. Bh2 a3 53. Ka2 Rh3 54.
Re2 Be7 55. Rg2 Rd3 56. Rg1 Rd2 57. Be5 g5 58. Rf1 Re2 59. Bd4 Kc4 0-1

[Event "2nd IMSA Basque 2017"]
[Site "Huai'an CHN"]
[Date "2017.12.14"]
[Round "3.2"]
[White "Mamedov, Rauf"]
[Black "Le, Quang Liem"]
[Result "1-0"]
[WhiteTitle "GM"]
[BlackTitle "GM"]
[WhiteElo "2709"]
[BlackElo "2737"]
[WhiteFideId "13401653"]
[BlackFideId "12401137"]
[EventDate "2017.12.14"]

1. e4 e5 2. Nf3 Nc6 3. Bc4 Bc5 4. c3 Nf6 5. d3 O-O 6. a4 a6 7. O-O d5 8. exd5
Nxd5 9. a5 Bg4 10. Nbd2 Nde7 11. Ne4 Bd6 12. h3 Bh5 13. Ng3 Bg6 14. Qb3 Qd7 15.
Re1 h6 16. Ne4 Kh8 17. Be3 Nf5 18. Nc5 Bxc5 19. Bxc5 Rfe8 20. Bd5 Rab8 21. Be4
f6 22. Qc2 Nfe7 23. d4 Bxe4 24. Rxe4 exd4 25. Nxd4 Nxd4 26. Rxd4 Qc6 27. Ba3 Nd5
28. Rad1 Re5 29. Qd3 Ne7 30. f4 Re6 31. Rc4 Qb5 32. Rxc7 Re1+ 33. Kh2 Rxd1 34.
Qxd1 Nf5 35. c4 Qe8 36. Qd3 Qe6 37. Qd5 Qxd5 38. cxd5 Rd8 39. g4 Nd6 40. Bc5 Kg8
41. b4 Ne4 42. d6 Nxd6 43. Bxd6 Rxd6 44. Rxb7 Rd4 45. f5 Rd3 46. Rb6 Rb3 47. h4
Kh7 48. h5 Kg8 49. Kg2 Kh7 50. Kf2 Kg8 51. Ke2 Kh7 52. Kd2 Rg3 53. Rxa6 Rxg4 54.
Rb6 Rg5 55. a6 Rxf5 56. a7 Rf2+ 57. Ke3 Ra2 58. Rb7 f5 59. b5 Ra4 60. b6 f4+ 61.
Kf3 Ra3+ 62. Kxf4 Ra4+ 63. Ke3 Ra3+ 64. Kd4 Ra4+ 65. Kc3 Ra3+ 66. Kb2 Ra5 67.
Rb8 Rb5+ 68. Kc3 Rc5+ 69. Kb4 Rxh5 70. a8=Q Rh4+ 71. Kc3 Rh3+ 72. Kd2 Rh2+ 73.
Ke3 Rh3+ 74. Kf2 Rh4 75. Rh8+ Kg6 76. Qe8+ Kg5 77. b7 Rf4+ 78. Ke3 1-0

[Event "2nd IMSA Basque 2017"]
[Site "Huai'an CHN"]
[Date "2017.12.14"]
[Round "3.1"]
[White "Andreikin, Dmitry"]
[Black "Artemiev, Vladislav"]
[Result "1-0"]
[WhiteTitle "GM"]
[BlackTitle "GM"]
[WhiteElo "2712"]
[BlackElo "2691"]
[WhiteFideId "4158814"]
[BlackFideId "24101605"]
[EventDate "2017.12.14"]

1. d4 Nf6 2. Bg5 g6 3. Bxf6 exf6 4. c4 d5 5. cxd5 Qxd5 6. e3 Qd8 7. Nc3 Bd6 8.
g3 O-O 9. Bg2 Nd7 10. Nge2 f5 11. O-O Nf6 12. a3 c6 13. b4 Qe7 14. b5 c5 15.
dxc5 Bxc5 16. Nf4 Be6 17. Nxe6 fxe6 18. Qb3 Kg7 19. a4 Rad8 20. a5 Bb4 21. Rfb1
Bxc3 22. Qxc3 e5 23. b6 a6 24. Ra4 e4 25. Rc4 Rd3 26. Qa1 Rfd8 27. Rc7 R3d7 28.
Rbc1 Kh6 29. Bf1 Ng4 30. R1c5 Qd6 31. Be2 Nf6 32. Rxd7 Rxd7 33. Rc7 Ne8 34. Rxd7
Qxd7 35. Qe5 Qd2 36. Bf1 Qd7 37. h4 Nd6 38. Kg2 Nb5 39. Bxb5 axb5 40. a6 bxa6
41. Qc7 Qd1 42. b7 Qf3+ 43. Kg1 Qd1+ 44. Kh2 Qe2 45. Qf4+ 1-0

[Event "2nd IMSA Basque 2017"]
[Site "Huai'an CHN"]
[Date "2017.12.14"]
[Round "3.2"]
[White "Artemiev, Vladislav"]
[Black "Andreikin, Dmitry"]
[Result "0-1"]
[WhiteTitle "GM"]
[BlackTitle "GM"]
[WhiteElo "2691"]
[BlackElo "2712"]
[WhiteFideId "24101605"]
[BlackFideId "4158814"]
[EventDate "2017.12.14"]

1. d4 d5 2. Nf3 Nf6 3. c3 g6 4. Bf4 Bg7 5. e3 O-O 6. Be2 c5 7. O-O Nc6 8. Nbd2
Nh5 9. Bg5 h6 10. Bh4 cxd4 11. Nxd4 Nf6 12. f4 Qb6 13. Qb3 Qc5 14. Rae1 Re8 15.
Bf3 e6 16. Kh1 Nd7 17. Bf2 Nxd4 18. exd4 Qf8 19. Be2 f5 20. Nf3 Nf6 21. Ne5 Kh7
22. Bh4 Ne4 23. Qa4 Bxe5 24. fxe5 Qf7 25. Bd3 g5 26. Bf2 Bd7 27. Qc2 Bc6 28. Be3
Qh5 29. Rf3 f4 30. Bc1 Kg7 31. c4 Ng3+ 32. Kg1 dxc4 33. hxg3 cxd3 34. Rxd3 f3
35. d5 Bxd5 36. Rxd5 exd5 37. e6 Rac8 38. Qb3 Rf8 39. Be3 fxg2 40. Bd4+ Kg8 41.
Kxg2 g4 42. Be5 Rf3 43. Qxd5 Rc2+ 0-1

[Event "2nd IMSA Basque 2017"]
[Site "Huai'an CHN"]
[Date "2017.12.15"]
[Round "4.1"]
[White "Harikrishna, Pentala"]
[Black "Ding, Liren"]
[Result "1/2-1/2"]
[WhiteTitle "GM"]
[BlackTitle "GM"]
[WhiteElo "2744"]
[BlackElo "2777"]
[WhiteFideId "5007003"]
[BlackFideId "8603677"]
[EventDate "2017.12.14"]

1. e4 e5 2. Nf3 Nc6 3. Bb5 a6 4. Ba4 Nf6 5. O-O Be7 6. Re1 b5 7. Bb3 O-O 8. a4
b4 9. d4 d6 10. dxe5 Nxe5 11. Nbd2 Nxf3+ 12. Nxf3 Bb7 13. e5 Nd7 14. Bf4 Nc5 15.
Bd5 Bxd5 16. Qxd5 Ne6 17. Bg3 dxe5 18. Qc4 Bc5 19. Rad1 Qf6 20. Nxe5 Rfd8 21.
Nd7 Qe7 22. Nxc5 Rxd1 23. Rxd1 Qxc5 24. Qe4 Re8 25. h3 f5 26. Qe5 Qxc2 27. Rd5
Qc1+ 28. Kh2 f4 29. Bh4 Qc6 30. Ra5 h6 31. f3 Qb6 32. Rd5 Qc6 33. Ra5 Nf8 34.
Qxf4 Re2 35. Qxb4 Qxf3 36. Qg4 Qxg4 37. hxg4 Rxb2 38. Rxa6 Kf7 39. Bg3 Ne6 40.
Rc6 Ra2 41. Rc4 c5 42. Bd6 Ke8 43. Bxc5 Nxc5 44. Rxc5 Rxa4 1/2-1/2

[Event "2nd IMSA Basque 2017"]
[Site "Huai'an CHN"]
[Date "2017.12.15"]
[Round "4.2"]
[White "Ding, Liren"]
[Black "Harikrishna, Pentala"]
[Result "1/2-1/2"]
[WhiteTitle "GM"]
[BlackTitle "GM"]
[WhiteElo "2777"]
[BlackElo "2744"]
[WhiteFideId "8603677"]
[BlackFideId "5007003"]
[EventDate "2017.12.14"]

1. c4 e5 2. g3 Nf6 3. Bg2 d5 4. cxd5 Nxd5 5. Nc3 Nb6 6. d3 Be7 7. Be3 O-O 8. Rc1
Re8 9. Qc2 Bf8 10. a3 c6 11. Nf3 N8d7 12. O-O Nf6 13. b4 Bf5 14. Rfd1 h6 15. Ne4
Rc8 16. Bc5 Bxe4 17. dxe4 Qc7 18. Be3 Rcd8 19. Ne1 Rxd1 20. Qxd1 Nc8 21. Nd3 a5
22. Qb3 axb4 23. axb4 Nd6 24. b5 Ng4 25. b6 Qd8 26. Bc5 Nf6 27. Rd1 Nfxe4 28.
Bxe4 Nxe4 29. Bxf8 Rxf8 30. Nxe5 Qe7 31. f4 Qc5+ 32. e3 Nc3 33. Re1 Nd5 34. Nd7
Qa5 35. Rd1 Re8 36. Ne5 Qxb6 37. Qxb6 Nxb6 38. Rb1 Nd5 39. Rxb7 1/2-1/2

[Event "2nd IMSA Basque 2017"]
[Site "Huai'an CHN"]
[Date "2017.12.15"]
[Round "4.1"]
[White "Grischuk, Alexander"]
[Black "Andreikin, Dmitry"]
[Result "1/2-1/2"]
[WhiteTitle "GM"]
[BlackTitle "GM"]
[WhiteElo "2772"]
[BlackElo "2712"]
[WhiteFideId "4126025"]
[BlackFideId "4158814"]
[EventDate "2017.12.14"]

1. d4 Nf6 2. c4 e6 3. Nf3 a6 4. Bg5 h6 5. Bh4 g5 6. Bg3 Nh5 7. Be5 f6 8. Bg3 f5
9. e3 d6 10. Nc3 Bg7 11. Qc2 Nc6 12. d5 Ne7 13. dxe6 Bxe6 14. O-O-O Nc6 15. Nd5
Nxg3 16. hxg3 Qd7 17. a3 Qf7 18. Be2 O-O-O 19. Rd2 Kb8 20. Rhd1 Rhe8 21. Qa4 Bd7
22. Qc2 Be6 23. Qa4 Bd7 24. Qc2 Qf8 25. Ne1 Be6 26. Bh5 Bf7 27. Bxf7 Qxf7 28.
Nf3 Re4 29. Rd3 Ree8 30. Kb1 Qe6 31. Nb4 Nxb4 32. axb4 Qe4 33. Rd5 f4 34. Qxe4
Rxe4 35. Nd2 Re6 36. gxf4 gxf4 37. e4 Rg8 38. Rf5 Be5 39. Rg1 Reg6 40. Nf3 Rxg2
41. Rf1 b6 42. Nxe5 dxe5 43. Rxe5 Rg1 44. Rxg1 Rxg1+ 45. Ka2 Rf1 46. Rh5 Rxf2
47. Rxh6 Re2 48. Re6 f3 49. Rf6 Rxe4 50. Rxf3 Rxc4 51. Kb3 Rh4 52. Kc3 Kb7 53.
Rf6 Rh3+ 54. Kc2 Rh5 55. Kc3 Rd5 56. Rh6 Rd6 57. Rh5 Kc6 58. b3 Rd5 59. Rh3 Kb5
60. Rg3 Rh5 61. Rf3 Rg5 62. Rh3 a5 63. bxa5 Kxa5 64. Rh4 b5 65. Kb2 c5 66. b4+
cxb4 67. Rh3 Ka4 68. Rf3 Rg2+ 69. Kb1 Rg1+ 70. Kb2 Rg2+ 71. Kb1 b3 72. Rf8 Kb4
73. Rh8 Rg4 74. Kb2 Rf4 75. Rg8 Rc4 76. Rh8 Rc2+ 77. Kb1 Rf2 78. Rg8 Rd2 79. Rh8
b2 80. Rh3 Kc4 81. Rg3 b4 82. Rh3 Re2 83. Rg3 Rh2 84. Rf3 Kb5 85. Rg3 Ka4 86.
Rf3 b3 87. Rf4+ Ka3 88. Ra4+ Kxa4 1/2-1/2

[Event "2nd IMSA Basque 2017"]
[Site "Huai'an CHN"]
[Date "2017.12.15"]
[Round "4.2"]
[White "Andreikin, Dmitry"]
[Black "Grischuk, Alexander"]
[Result "1/2-1/2"]
[WhiteTitle "GM"]
[BlackTitle "GM"]
[WhiteElo "2712"]
[BlackElo "2772"]
[WhiteFideId "4158814"]
[BlackFideId "4126025"]
[EventDate "2017.12.14"]

1. e4 c5 2. Nf3 e6 3. d4 cxd4 4. Nxd4 Nc6 5. Nc3 Qc7 6. Be2 Nf6 7. O-O Be7 8.
Be3 O-O 9. Ndb5 Qb8 10. f4 d6 11. Kh1 a6 12. Nd4 Qc7 13. Qe1 Nxd4 14. Bxd4 b5
15. a3 Bb7 16. Qg3 Rad8 17. Rae1 Qd7 18. Bd3 Nh5 19. Qg4 Nf6 20. Qg3 Nh5 21. Qg4
Nf6 22. Qg3 Nh5 23. Qg4 Nf6 24. Qg3 1/2-1/2

[Event "2nd IMSA Basque 2017"]
[Site "Huai'an CHN"]
[Date "2017.12.15"]
[Round "4.1"]
[White "Mamedov, Rauf"]
[Black "Yu, Yangyi"]
[Result "1/2-1/2"]
[WhiteTitle "GM"]
[BlackTitle "GM"]
[WhiteElo "2709"]
[BlackElo "2751"]
[WhiteFideId "13401653"]
[BlackFideId "8603820"]
[EventDate "2017.12.14"]

1. e4 e5 2. Nf3 Nf6 3. Nc3 Nc6 4. a3 d5 5. Bb5 Nxe4 6. Qe2 Nxc3 7. Qxe5+ Qe7 8.
dxc3 Bd7 9. Qe3 O-O-O 10. O-O Qxe3 11. Bxe3 a6 12. Bd3 h6 13. Rad1 Be7 14. h3
Bf6 15. Rfe1 Rhe8 16. g4 Re7 17. Bc5 Rxe1+ 18. Rxe1 Re8 19. Rxe8+ Bxe8 20. h4
Ne5 21. Nxe5 Bxe5 22. Be3 Bd7 23. f4 Bd6 24. g5 hxg5 25. fxg5 g6 26. Kf2 Bg4 27.
c4 Be6 28. cxd5 Bxd5 29. c4 Be6 30. Bd4 Kd7 31. Kf3 b6 32. b4 c5 33. bxc5 bxc5
34. Bc3 Bh2 35. Bd2 Be5 36. Be3 Kd6 37. Bf4 Bd7 38. Ke3 Be6 39. Be2 Bd7 40. Bf1
Be6 41. Be2 Bd7 42. h5 gxh5 43. Bxh5 Be6 44. Be2 Bf5 45. Bf3 Be6 46. Be2 Bf5 47.
Bf1 Bd7 48. Bd3 Bc8 49. Be2 Bd7 50. Bd1 Be6 51. Be2 Bd7 52. Bd3 Bc8 53. Bf1 Bd7
54. Be2 Bc8 55. Bd3 Bd7 56. Kf3 Bc8 57. Bf1 Bd7 58. Ke3 Bc8 59. Be2 Bd7 60. Bf3
Be6 61. Be2 Bd7 62. Bd3 Bc8 63. Kf3 Bd7 64. Bc2 Be6 65. Bd3 Bd7 66. Ke3 Bc8 67.
Bc2 Be6 68. Bb3 Bd7 69. Bd1 Be6 70. Be2 Bd7 71. Bd3 Bc8 72. Kf3 Bd7 73. Bf1 Bc8
74. Ke3 Bd7 75. Bg2 Be6 76. Bf1 Bd7 77. Bd3 Bc8 78. Bf1 Bd7 79. Be2 Bc8 80. a4
a5 81. Bd3 Bd7 82. Bc2 Bc6 83. Bd1 Bd7 84. Ke4 Bc6+ 85. Kf5 Bd7+ 86. Ke4 Bc6+
87. Kf5 Bd7+ 88. Ke4 Bc6+ 89. Ke3 Ke6 90. Bg4+ Kd6 91. Bd1 Ke6 1/2-1/2

[Event "2nd IMSA Basque 2017"]
[Site "Huai'an CHN"]
[Date "2017.12.15"]
[Round "4.2"]
[White "Yu, Yangyi"]
[Black "Mamedov, Rauf"]
[Result "1-0"]
[WhiteTitle "GM"]
[BlackTitle "GM"]
[WhiteElo "2751"]
[BlackElo "2709"]
[WhiteFideId "8603820"]
[BlackFideId "13401653"]
[EventDate "2017.12.14"]

1. d4 d5 2. c4 c6 3. Nf3 Nf6 4. Nc3 dxc4 5. a4 Bf5 6. Ne5 Nbd7 7. Nxc4 Qc7 8. g3
e5 9. dxe5 Nxe5 10. Bf4 Nfd7 11. Bg2 g5 12. Nxe5 gxf4 13. Nxd7 O-O-O 14. Qd4
Qxd7 15. Qxf4 Bd6 16. Qc1 Be5 17. O-O Qd2 18. Rd1 Qxc1 19. Raxc1 Rxd1+ 20. Nxd1
Rd8 21. Kf1 Bc2 22. Nc3 Bb3 23. Be4 Rd2 24. Bxh7 Rxb2 25. a5 Bc4 26. h4 Kd8 27.
Bd3 Bb3 28. h5 Ke7 29. h6 b5 30. axb6 axb6 31. Kg2 b5 32. Nd1 Bxd1 33. Rxd1 c5
34. f4 Bf6 35. Kf3 c4 36. Bf5 c3 37. g4 Rb3 38. e3 Ke8 39. g5 Bh8 40. Rd5 Rb4
41. Rc5 Rc4 42. Rxc4 bxc4 43. Bc2 Ke7 44. Ke4 Kf8 45. Kd5 Ke7 46. e4 Kf8 47. e5
Ke7 48. f5 1-0

[Event "2nd IMSA Basque 2017"]
[Site "Huai'an CHN"]
[Date "2017.12.15"]
[Round "4.2"]
[White "Ivanchuk, Vassily"]
[Black "Wang, Hao"]
[Result "0-1"]
[WhiteTitle "GM"]
[BlackTitle "GM"]
[WhiteElo "2726"]
[BlackElo "2709"]
[WhiteFideId "14100010"]
[BlackFideId "8602883"]
[EventDate "2017.12.14"]

1. e4 e5 2. Nf3 Nc6 3. Bb5 a6 4. Ba4 d6 5. c3 Bd7 6. d4 g6 7. O-O Bg7 8. h3 Nf6
9. Re1 O-O 10. Nbd2 exd4 11. cxd4 Nb4 12. Bxd7 Nxd7 13. Nf1 h6 14. Ng3 Re8 15.
Bf4 Qf6 16. Bd2 Nc6 17. Bc3 Qd8 18. Rc1 Nf6 19. Re2 d5 20. e5 Nh7 21. Ne1 Nf8
22. Nf1 Ne6 23. Ne3 Qd7 24. Rd2 Rad8 25. Nd3 b6 26. Nc2 Ne7 27. b4 h5 28. Re2
Nf5 29. a3 Qe7 30. Bb2 Qh4 31. Nde1 Nf4 32. Rd2 Qg5 33. Kh2 Bh6 34. Bc3 Ne6 35.
Rb1 Qe7 36. Rd3 c5 37. dxc5 d4 38. Bd2 Bxd2 39. Rxd2 bxc5 40. bxc5 Nxc5 41. Nb4
Qxe5+ 42. Kg1 Qd6 43. Nf3 Ne4 0-1

[Event "2nd IMSA Basque 2017"]
[Site "Huai'an CHN"]
[Date "2017.12.15"]
[Round "4.1"]
[White "Artemiev, Vladislav"]
[Black "Le, Quang Liem"]
[Result "1-0"]
[WhiteTitle "GM"]
[BlackTitle "GM"]
[WhiteElo "2691"]
[BlackElo "2737"]
[WhiteFideId "24101605"]
[BlackFideId "12401137"]
[EventDate "2017.12.14"]

1. c4 e5 2. Nc3 Nf6 3. e3 Nc6 4. a3 g6 5. Nf3 Bg7 6. d3 O-O 7. Be2 d5 8. cxd5
Nxd5 9. Bd2 a5 10. Rc1 Nde7 11. Ne4 h6 12. b4 axb4 13. axb4 b6 14. O-O Be6 15.
b5 Na5 16. Bc3 Nb3 17. Bxe5 Nxc1 18. Qxc1 Ra2 19. Bxg7 Kxg7 20. Qc3+ f6 21. Nd4
Bg8 22. Bd1 Nd5 23. Qc1 f5 24. Bb3 Ra8 25. Qb2 Kh7 26. Nc6 Qh4 27. g3 Qh3 28.
Nd2 Rae8 29. Qd4 Nf6 30. Bxg8+ Kxg8 31. Rc1 Qg4 32. Qxg4 Nxg4 33. Nf3 g5 34. Kg2
Rf7 35. h3 Nf6 36. Nfe5 Rg7 37. Kf3 g4+ 38. hxg4 fxg4+ 39. Kg2 h5 40. d4 Ne4 41.
Nb4 Rf8 42. Nbd3 Ra8 43. Rc2 Nd6 44. Nf4 Rh7 45. Nd5 Ne4 46. f3 gxf3+ 47. Kxf3
Ng5+ 48. Kf4 Ne6+ 49. Kf5 Ng7+ 50. Kg5 Ne8 51. Ng6 Rg7 52. Ne7+ Kf7 53. d5 Rxg6+
54. Nxg6 Ra3 55. Rf2+ Kg7 56. Nf4 Nd6 57. Ne6+ Kh7 58. Rc2 Rxe3 59. Rxc7+ Kg8
60. Rg7+ Kh8 61. Rd7 Rxg3+ 62. Kf6 Ne4+ 63. Kf5 Nc3 64. Ng5 Rd3 65. d6 Nxb5 66.
Nf7+ Kg8 67. Kg6 Rg3+ 68. Ng5 Rxg5+ 69. Kxg5 Kf8 70. Kf6 Ke8 71. Rh7 h4 72. Ke6
Nd4+ 73. Kd5 Nf3 74. d7+ 1-0

[Event "2nd IMSA Basque 2017"]
[Site "Huai'an CHN"]
[Date "2017.12.15"]
[Round "4.2"]
[White "Le, Quang Liem"]
[Black "Artemiev, Vladislav"]
[Result "0-1"]
[WhiteTitle "GM"]
[BlackTitle "GM"]
[WhiteElo "2737"]
[BlackElo "2691"]
[WhiteFideId "12401137"]
[BlackFideId "24101605"]
[EventDate "2017.12.14"]

1. Nf3 g6 2. c4 Bg7 3. e4 d6 4. d4 Bg4 5. Be2 Nc6 6. Nbd2 Nf6 7. d5 Nb8 8. O-O
O-O 9. Re1 c6 10. Bf1 Na6 11. h3 Bd7 12. Nb3 Rc8 13. Bg5 h6 14. Bd2 cxd5 15.
exd5 e5 16. dxe6 Bxe6 17. Rc1 Nc5 18. Bf4 d5 19. Nxc5 Rxc5 20. b4 Rc8 21. c5 Ne4
22. Nd4 Nxf2 23. Kxf2 Qf6 24. Kg3 Qxd4 25. Qxd4 Bxd4 26. Bxh6 Rfd8 27. Bg5 Rf8
28. Bb5 a5 29. Red1 Be5+ 30. Bf4 Bxf4+ 31. Kxf4 axb4 32. Rd4 Ra8 33. Rc2 Rfc8
34. Bd3 Ra3 35. Ke5 Kg7 36. g4 g5 37. Bf5 Re3+ 38. Kd6 Rc6+ 0-1

[Event "2nd IMSA Basque 2017"]
[Site "Huai'an CHN"]
[Date "2017.12.15"]
[Round "5.1"]
[White "Yu, Yangyi"]
[Black "Harikrishna, Pentala"]
[Result "1-0"]
[WhiteTitle "GM"]
[BlackTitle "GM"]
[WhiteElo "2751"]
[BlackElo "2744"]
[WhiteFideId "8603820"]
[BlackFideId "5007003"]
[EventDate "2017.12.14"]

1. d4 Nf6 2. c4 e6 3. Nc3 Bb4 4. Nf3 d5 5. Qa4+ Nc6 6. e3 O-O 7. a3 Bxc3+ 8.
bxc3 Bd7 9. Qc2 Na5 10. cxd5 exd5 11. Bd3 Re8 12. O-O c5 13. dxc5 Rc8 14. a4
Rxc5 15. Ba3 Rc8 16. Ng5 g6 17. Rab1 Qc7 18. Rfc1 Nc4 19. Bxc4 dxc4 20. Qd1 Bc6
21. Qd4 Qe5 22. Nf3 Qf5 23. Qd1 Ne4 24. Rb2 Rcd8 25. Nd4 Qg5 26. Qf1 Bxa4 27.
Qxc4 Bc6 28. Nxc6 bxc6 29. Qxc6 Rc8 30. Qa4 Qe5 31. c4 Red8 32. h3 Nc5 33. Qxa7
Nd3 34. Rb5 Qe8 35. Rd1 Ra8 36. Qe7 Qc6 37. Rb7 Qxc4 38. Qf6 Rdb8 39. Rxd3 1-0